| 000 | 01051nam a22003251 4500 | ||
|---|---|---|---|
| 001 | 7383 | ||
| 003 | BD-RjUL | ||
| 005 | 20211208234415.0 | ||
| 008 | 140113s1960 nyua b 001 0 eng | ||
| 035 | _a(BD-RjUL)7426 | ||
| 040 |
_aDLC/ICU _cICU _dDLC _dBD-RjUL _beng |
||
| 041 | 1 | _aengjpn | |
| 082 | 0 | 0 |
_a517.38 _bYOL 1960 |
| 100 | 1 |
_aYoshida, Kōsaku, _d1909- _923068 |
|
| 245 | 1 | 0 |
_aLectures on differential and integral equations / _cKōsaku Yoshida. |
| 260 |
_aNew York : _bInterscience Publishers, _c1960. |
||
| 300 |
_aix, 220 p. : _bdiagrs. ; _c24 cm. |
||
| 490 | 1 |
_aPure and applied mathematics, _vv. 10 |
|
| 500 | _aTranslation of [Sekibun hōteishiki ron] | ||
| 504 | _aBibliography: p. 217-218. | ||
| 504 | _aIncludes index. | ||
| 650 | 0 |
_aDifferential equations. _923069 |
|
| 650 | 0 |
_aIntegral equations. _919900 |
|
| 830 | 0 |
_vv. 10. _923078 |
|
| 830 | 0 |
_aPure and applied mathematics (Interscience Publishers) ; _923079 |
|
| 942 |
_2ddc _cBK |
||
| 999 |
_c7383 _d7383 |
||